Reskilling and upskilling. (Record no. 4787)

MARC details
000 -CABECERA
campo de control de longitud fija 02710cam a2200325 i 4500
001 - NÚMERO DE CONTROL
campo de control 991107524813206196
005 - FECHA Y HORA DE LA ÚLTIMA TRANSACCIÓN
campo de control 20251022144037.0
008 - DATOS DE LONGITUD FIJA--INFORMACIÓN GENERAL
campo de control de longitud fija 241010s2025 mau b 001 0 eng
010 ## - NÚMERO DE CONTROL DE LA BIBLIOTECA DEL CONGRESO
Número de control de LC 2024033266
020 ## - NÚMERO INTERNACIONAL ESTÁNDAR DEL LIBRO
Número Internacional Estándar del Libro 9798892791007
035 ## - NÚMERO DE CONTROL DEL SISTEMA
Número de control de sistema (OCoLC)1460294963
035 ## - NÚMERO DE CONTROL DEL SISTEMA
Número de control de sistema (OCoLC)on1460294963
040 ## - FUENTE DE LA CATALOGACIÓN
Centro catalogador/agencia de origen DLC
Lengua de catalogación eng
Normas de descripción rda
Centro/agencia transcriptor DLC
Centro/agencia modificador OCLCO
-- IG#
-- YDX
041 ## - CÓDIGO DE LENGUA
Código de lengua del texto/banda sonora o título independiente eng
042 ## - CÓDIGO DE AUTENTICACIÓN
Código de autenticación pcc
050 00 - SIGNATURA TOPOGRÁFICA DE LA BIBLIOTECA DEL CONGRESO
Número de clasificación HF5549.5.T7
Número de documento/Ítem R3855 2025
245 00 - MENCIÓN DE TÍTULO
Título Reskilling and upskilling.
246 34 - FORMA VARIANTE DE TÍTULO
Título propio/Titulo breve Reskilling + upskilling
246 3# - FORMA VARIANTE DE TÍTULO
Título propio/Titulo breve Reskilling plus upskilling
260 ## - PUBLICACIÓN, DISTRIBUCIÓN, ETC.
Lugar de publicación, distribución, etc. Boston, MA :
Nombre del editor, distribuidor, etc. Harvard Business Review Press,
Fecha de publicación, distribución, etc. 2025.
300 ## - DESCRIPCIÓN FÍSICA
Extensión xvii, 197 pages :
Otras características físicas illustrations (black and white) ;
Dimensiones 21 cm.
490 ## - MENCIÓN DE SERIE
Mención de serie Insights you need from Harvard Business Review
504 ## - NOTA DE BIBLIOGRAFÍA, ETC.
Nota de bibliografía, etc. Includes bibliographical references and index.
520 ## - SUMARIO, ETC.
Sumario, etc. As the pace of technological change increases, the demand for new skills is accelerating. And as technologies like AI take on new tasks and jobs, smart organizations aren't simply waiting for their new workforce to appear. These companies are investing in reskilling their workers. They're adopting a skills-based approach to hiring and developing talent. And they're leveraging new digital learning technologies to upskill their employees dynamically and efficiently. What new approaches should your organization be taking to build the workforce you need-now and tomorrow? Reskilling and Upskilling: The Insights You Need from Harvard Business Review brings you today's most essential thinking on rebuilding and retraining your workforce, explains how to get the right skilling initiatives started at your company, and prepares your company to compete in the new skills economy. Business is changing. Will you adapt or be left behind? Get up to speed and deepen your understanding of the topics that are shaping your company's future with the Insights You Need from Harvard Business Review series. Featuring HBR's smartest thinking on fast-moving issues-blockchain, cybersecurity, AI, and more-each book provides the foundational introduction and practical case studies your organization needs to compete today and collects the best research, interviews, and analysis to get it ready for tomorrow. You can't afford to ignore how these issues will transform the landscape of business and society. The Insights You Need series will help you grasp these critical ideas-and prepare you and your company for the future.
650 #0 - PUNTO DE ACCESO ADICIONAL DE MATERIA--TÉRMINO DE MATERIA
Término de materia o nombre geográfico como elemento de entrada Employees
Subdivisión general Training of
9 (RLIN) 23786
650 #0 - PUNTO DE ACCESO ADICIONAL DE MATERIA--TÉRMINO DE MATERIA
Término de materia o nombre geográfico como elemento de entrada Employees
Subdivisión general Effect of technological innovations on
9 (RLIN) 25556
650 #0 - PUNTO DE ACCESO ADICIONAL DE MATERIA--TÉRMINO DE MATERIA
Término de materia o nombre geográfico como elemento de entrada Manpower planning
9 (RLIN) 25557
710 ## - ENTRADA AGREGADA--NOMBRE DE ENTIDAD CORPORATIVA
Nombre de entidad corporativa o nombre de jurisdicción como elemento de entrada Harvard Business Review Press (Firm)
Término indicativo de función/relación issuing body
9 (RLIN) 25086
942 ## - ELEMENTOS DE ENTRADA AGREGADA (KOHA)
Fuente del sistema de clasificación o colocación Clasificación de Library of Congress
Holdings
Estado de retiro Estado de pérdida Fuente del sistema de clasificación o colocación Estado dañado No para préstamo Biblioteca de origen Biblioteca actual Fecha de adquisición Total de préstamos Signatura topográfica completa Código de barras Fecha visto por última vez Número de copia Precio válido a partir de Tipo de ítem Koha
    Clasificación de Library of Congress     TBS Barcelona TBS Barcelona 25/06/2025   HF5549.5.T7 HAR B07573 25/06/2025 1 25/06/2025 Book

Powered by Koha